Sanat - "Taivas on sininen ja valkoinen" - Statistics

Yleistilastot
  • Tätä visaa on pelattu 83 kertaa
  • Keskiarvotulos 35 / 56
Vastaustilastot
Vastaus % Oikein
on
100%
on
100%
on
100%
on
100%
sininen
100%
sininen
100%
Taivas
100%
taivas
100%
taivas
100%
taivas
100%
valkoinen
100%
valkoinen
100%
ja
95%
ja
95%
ja
95%
ja
95%
tähtösiä
79%
tähtösiä
79%
täynnä
79%
täynnä
79%
täynnä
79%
täynnä
79%
niin
68%
niin
68%
ajatuksia
63%
ajatuksia
63%
nuori
61%
nuori
61%
sydämeni
61%
sydämeni
61%
45%
45%
muille
42%
muille
42%
mun
42%
mun
42%
mun
42%
mun
42%
Enkä
39%
enkä
39%
sydänsurujani
39%
sydänsurujani
39%
ilmoita
37%
ilmoita
37%
metsä
34%
metsä
34%
kirkas
32%
kirkas
32%
ne
32%
ne
32%
synkkä
29%
synkkä
29%
huoliani
26%
huoliani
26%
tuntee
24%
tuntee
24%
Ehtoja vastaavia visoja ei löytynyt
Tulosjakauma
Jokaisen tuloksen saaneiden osuus
Persentiili vastausten määrän mukaan
Tuloshistoriasi
Et ole pelannut tätä visaa